Normal view
MARC view
- Norshirvan H. Jhabvala
Entry Personal Name
001 - CONTROL NUMBER
- control field: 5705
003 - CONTROL NUMBER IDENTIFIER
- control field: OSt
005 - DATE AND TIME OF LATEST TRANSACTION
- control field: 20240304050005.0
008 - FIXED-LENGTH DATA ELEMENTS
- fixed length control field: 240304|| aca||aabn | a|a d
040 ## - CATALOGING SOURCE
- Original cataloging agency: OSt
- Transcribing agency: OSt
100 ## - HEADING--PERSONAL NAME
- Personal name: Norshirvan H. Jhabvala
670 ## - SOURCE DATA FOUND
- Source citation: Work cat.: (OSt)2438: Jhabvala, Norshirvan H. 5704, The Elements of Jurisprudence/ , c2009
